000 00926nam a22002297a 4500
005 20240530110530.0
008 160316s2013 ua g b 000 0 ara d
017 _a2013/1539
_bمصر . دار الكتب المصرية
020 _a978977722002
040 _aEG-CaGPL
082 0 4 _221
_a214.1534\
_bز م
100 0 _aزينب صالح الاشوح
245 1 0 _aمفاتيح الفكر العقلى بالاستدلال بالمنظور الاسلامى /
_cتاليف زينب صالح الاشوح
250 _aط1
260 _aالقاهرة :
_bالمجموعة العربية للتدريب و النشر ،
_c2013 .
300 _a125 ص ؛
_c24 سم .
504 _aيشتمل على ارجاعات ببليوجرافية
650 0 4 _aالثقافة الاسلامية
650 0 4 _aالاسلام و الاصلاح الفكرى
942 _2ddc
_cBK
999 _c62077
_d62077